| 000 | 00472nam a2200181Ia 4500 | ||
|---|---|---|---|
| 003 | SGT | ||
| 020 | _a9788131727256 | ||
| 082 |
_a5.8 _bPFL |
||
| 100 | _aCharles P. Pfleeger | ||
| 245 | _aSecurity in computing | ||
| 250 | _a4th Ed. | ||
| 260 |
_bPearson _aN.Delhi _c2012 |
||
| 300 | _a868p. | ||
| 650 | _aCOMPUTER SCIENCE | ||
| 653 | _aIS THERE A SECURITY PROBLEM IN COMPUTING CRYPTOGRAPHY ,PROGRAM SECURITY | ||
| 700 | _aShari Lawrence Pfleeger. | ||
| 942 |
_2ddc _cBK _08 |
||
| 999 |
_c5415 _d5415 |
||